El muro (Registro nro. 212)
[ vista simple ]
| 000 -CABECERA | |
|---|---|
| fixed length control field | 00559nam a22002057a 4500 |
| 003 - CONTROL NUMBER IDENTIFIER | |
| control field | OSt |
| 005 - FECHA Y HORA DE LA ULTIMA TRANSACCION | |
| control field | 20220314181313.0 |
| 008 - ELEMENTOS DE LONGITUD FIJA-INFORMACION GENERAL | |
| fixed length control field | 220314b |||||||| |||| 00| 0 eng d |
| 020 ## - NUMERO INTERNACIONAL NORMALIZADO PARA LIBROS | |
| Número Internacional Normalizado del libro | 9507531025 |
| 040 ## - FUENTE DE CATALOGACION | |
| Agencia de catalogación original | AR-BeUNQ/BiblioESET |
| Agencia que realiza la transcripción | AR-BeUNQ |
| Convenciones de la descripción | aacr |
| 082 ## - NUMERO DE CLASIFICACION DECIMAL DEWEYMBER | |
| Número de clasificación | 830 / KOR |
| Número del ítem | 58885 |
| Número de la edición | 21 |
| 245 #1 - MENCION DE TITULO | |
| Título | El muro |
| Mención de responsabilidad, etc | Kordon, Klaus |
| 250 ## - MENCION DE EDICION | |
| Mención de edición | 1ª.ed. |
| 260 ## - PUBLICACION, DISTRIBUCION, ETC. | |
| Lugar de publicación, distribución, etc. | Buenos Aires : |
| Nombre del editor, distribuidor, etc. | Puerto de Palos, |
| Fecha de publicación, distribución, etc | 2003 |
| 300 ## - DESCRIPCION FISICA | |
| Extensión | 190 p. |
| Dimensiones | 21cm |
| 490 ## - MENCION DE SERIE | |
| Mención de serie | Aldea Literaria |
| 651 ## - ASIENTO SECUNDARIO DE MATERIA - NOMBRE GEOGRAFICO | |
| Nombre geográfico | Alemania |
| Fuente del encabezamiento o término | spines |
| 929 ## - DATOS DE ADQUISICION | |
| Procedencia | DONACION |
| Proveedor | Biblioteca EES 25 |
| Precio | 700 $ |
| Fecha de recibido | 12/2021 |
| 942 #1 - ELEMENTOS DE PUNTO DE ACCESO ADICIONAL (KOHA) | |
| Tipo de ítem Koha | Libros |
| Estado de retiro | Estado de pérdida | Ubicación permanente | Ubicación actual | Ubicación en estantería | Fecha de ingreso | Total Checkouts | Inventario | Date last seen | Tipo de ítem Koha |
|---|---|---|---|---|---|---|---|---|---|
| Biblioteca ESET - UNQ | Biblioteca ESET - UNQ | CIRCULACION | 58885 | 14/03/2022 | Libros |